000 00491nam a2200169Ia 4500
008 090711s9999 xx 000 0 und d
082 _b75881
100 _aव्हटकर अशोक
245 _aअजिंक्य आंबी
260 _c1994
300 _a176
600 _aव्हटकर अशोक
630 _aअजिंक्य आंबी
700 _aव्हटकर अशोक
730 _aअजिंक्य आंबी
942 _cBOOK
999 _c298045
_d298045